000 01127pam a2200301 a 4500
001 2979174
003 OSt
005 20250922150702.0
008 921112r19951993enka b 001 0 eng
010 _a 92040747
020 _a0750609931
040 _aDLC
_cDLC
_dDLC
050 0 0 _aTS156
_b.O24 1995
082 0 0 _a658.1 OAK 1993
_220
100 1 _aOakland, John S.
_95287
245 1 0 _aTotal Quality Management :
_bthe route to improving performance
250 _a2nd ed.
260 _aOxford ;
_bButterworth-Heinemann,
_c1995.
300 _ax, 463 p. :
_bill. ;
_c24 cm.
504 _aIncludes bibliographical references, & index.
650 0 _aQuality control.
_92942
650 0 _aQuality management.
_95337
856 4 2 _3Publisher description
_uhttp://www.loc.gov/catdir/description/els032/92040747.html
856 4 1 _3Table of contents
_uhttp://www.loc.gov/catdir/toc/els032/92040747.html
906 _a7
_bcbc
_corignew
_d1
_eocip
_f19
_gy-gencatlg
942 _2z
_cSLOAN
999 _c2087
_d2087